ბათუმის შოთა რუსთაველის სახელმწიფო უნივერსიტეტის ბიბლიოთეკა

მითებში შობილთა მემკვიდრე (ბიბ.ჩანაწერი № 60296)

000 -ლიდერი
ფიქსირებული სიგრძის საკონტროლო ველი 01427nam a22002297a 4500
003 - საკონტროლო ნომრის იდენტიფიკატორი
საკონტროლო ველი Ge_BSU
005 - ბოლო ოპერაციის თარიღი და დრო
საკონტროლო ველი 20230627100841.0
008 - ფიქსირებული სიგრძის მონაცემთა ელემენტები - ზოგადი ინფორმაცია
ფიქსირებული სიგრძის საკონტროლო ველი 230627s2015 ge ||||| |||| 00| 0 geo d
041 ## - ენის კოდი
Language code of text/sound track or separate title geo
080 ## - უნივერსალური ათობითი კლასიფიკაციის ინდექსი
Universal Decimal Classification number 821.353.1-1 ა-76
100 ## - მთავარი ჩანაწერი - პიროვნების სახელი
Personal name არაბული, ბათირა
9 (RLIN) 18983
245 ## - ცნობა სათაურის შესახებ
Title მითებში შობილთა მემკვიდრე
Statement of responsibility, etc არაბული ბათირა; რედ. ამირან არაბული, ბაღათერ არაბული, ტარიელ ფუტკარაძე.
264 ## - წარმოების, გამოცემის, დისტრიბუციის და სხვა ცნობები
გამოცემის, წარმოების, დისტრიბუციის... ადგილი თბილისი :
გამოცემის, წარმოების, დისტრიბუციის... სახელწოდება "ლომისი",
გამოცემის, წარმოების, დისტრიბუციის... თარიღი 2015.
300 ## - ფიზიკური აღწერა
Extent 162 გვ.:
Other physical details ილ. ;
Dimensions 21 სმ.
500 ## - ზოგადი შენიშვნა
General note წიგნი დაიბეჭდა ხევსურეთის მეგობრის, გულშემატკივრისა და ქველმოქმედის მამუკა ცაგარელის ფინანსური მხარდაჭერით.
653 ## - INDEX TERM--UNCONTROLLED
Uncontrolled term მითებში შობილთა მემკვიდრე
653 ## - INDEX TERM--UNCONTROLLED
Uncontrolled term ლექსები
700 ## - ADDED ENTRY--PERSONAL NAME
Personal name არაბული, ამირან
Relator term რედაქტორი
9 (RLIN) 5770
700 ## - ADDED ENTRY--PERSONAL NAME
Personal name არაბული, ბაღათერ
Relator term რედაქტორი
9 (RLIN) 4184
700 ## - ADDED ENTRY--PERSONAL NAME
Personal name ფუტკარაძე, ტარიელ
Relator term რედაქტორი
9 (RLIN) 128
942 ## - ADDED ENTRY ELEMENTS (KOHA)
Source of classification or shelving scheme
Koha item type წიგნი
ეგზემპლარები
ჩამოწერის სტატუსი დაკარგული ეგზემპლარის სტატუსი კლასიფიკაციის წყარო ან თაროზე გაწყობის სქემა დაზიანების სტატუსი არ გაიცემა მუდმივი მდებარეობა (დაცვის ადგილი) ამჟამინდელი ადგილსამყოფელი თაროზე განთავსების ადგილი შეძენის თარიღი ღირებულება, შესყიდვის ნორმალური ფასი სრული შენახვის შიფრი შტრიხკოდი ბოლო ოპერაციის თარიღი ეგზემპლარის მიმდევრობითი ნომერი (კეტერი?) Uniform Resource Identifier ფასის ძალაში შესვლის თარიღი ეგზემპლარის სახეობა საჯარო შენიშვნა
          ბათუმის შოთა რუსთაველის სახელმწიფო უნივერსიტეტის მთავარი ბიბლიოთეკა ბათუმის შოთა რუსთაველის სახელმწიფო უნივერსიტეტის მთავარი ბიბლიოთეკა წიგნსაცავი 2023-06-27 5.00 821.353.1-1 ა-76 64807 2023-06-27 64807 ბსუ-ს საპატიო დოქტორის გურამ ლორთქიფანიძის საჩუქარი 2023-06-27 წიგნი 5 ლ.